00282nam a2200121Ia 4500003000400000005001700004008004100021020001900062040002800081100001800109245002500127260000800152OSt20240120122418.0170523s9999 xx 000 0 und d a978-9332557185 cIIMT UNIVERSITY, MEERUT aPhilip-Kotler 0aMARKETING MANAGEMENT bPHI